Posiciones final Eurovisión 2019 - Estadísticas

Estadísticas generales
  • Esta prueba ha sido intentada 192 veces
  • La puntuación promedio es 24 de 26
Estadísticas de respuestas
Posición País Puntos % Correcto
Italia 472
100%
22º España 54
99%
Países Bajos 492
99%
25º Alemania 24
98%
Suecia 334
98%
Noruega 331
97%
26º Reino Unido 16
97%
Rusia 370
97%
16º Francia 105
96%
Suiza 364
96%
21º Grecia 74
93%
23º Israel 35
92%
18º Serbia 89
92%
20º Estonia 76
90%
13º Chipre 109
89%
Australia 284
87%
12º Dinamarca 120
87%
15º Eslovenia 105
86%
14º Malta 107
86%
24º Bielorrusia 31
85%
10º Islandia 232
84%
Macedonia del Norte 305
84%
Azerbaiyán 302
83%
19º San Marino 77
83%
11º Republica Checa 157
80%
17º Albania 90
77%
No se encontraron pruebas coincidentes
Distribución de puntuación
Porcentaje de gente con cada puntuación
Porcentaje por número respondido
Historial de tus puntuaciones
No has intentado esta prueba.